=LDR 00000nam 2200000 4500 =001 INLIS000000000016294 =005 20130612111552 =008 ***********************************Ind** =035 ##$$0010-061300000016294 =041 ##$$a Ind =082 ##$$a 595.724 =090 ##$$a 595.724, Oda j =100 ##$$a Oda, Hidetomo =245 ##$$a Jangkrik ladang, Hidetomo Oda ; alih bahasa, Blasius Hangkoso AW =250 ##$$a seri mesteri alam =260 ##$$a 1997 $b Jakarta =300 ##$$a 32 hlm., ilus, 23 cm =650 ##$$a Jangkrik ladang =700 ##$$a Hangkoso AW, Blasius =850 ##$$a NBPNMAT